Los alumnos intelectualmente bien dotados /

Miriam Hume profesora de psicología y especialista sobre alumnos bien dotados, presenta aquí un análisis sobre los divrsos modelos de inteligencia y sobredotación y expone los prejuicios que por lo regular acompañan a estos alumnos. Ofrece pautas pra una mejor intervención educativa.

Na minha lista:
Detalhes bibliográficos
Autor principal: Hume, Miriam (autor)
Formato: Livro
Idioma:espanhol
Publicado em: Barcelona, España : Edebé, 2000, c2000
Colecção:(Innova ; 10)
Assuntos:
Tags: Adicionar Tag
Sem tags, seja o primeiro a adicionar uma tag!

MARC

LEADER 00000nam^a2200000^a^4500
001 000166139
005 20250521000000.0
009 20260310101042.522
020 |a 84-236-4787-0 
037 |a Acervo ITESO - Biblioteca 
041 |a ESP 
082 |a 371. 95  |b HUM 
100 |a Hume, Miriam  |e (autor) 
245 1 4 |a Los alumnos intelectualmente bien dotados /  |c M. Hume. 
264 4 |a Barcelona, España :  |b Edebé,  |c 2000, c2000 
300 |a 200 p. 
336 |a texto  |b txt  |2 rdacontenido 
337 |a sin mediación  |b n  |2 rdamedio 
338 |a volumen  |b nc  |2 rdasoporte 
440 1 |a (Innova ;  |v 10) 
520 |a Miriam Hume profesora de psicología y especialista sobre alumnos bien dotados, presenta aquí un análisis sobre los divrsos modelos de inteligencia y sobredotación y expone los prejuicios que por lo regular acompañan a estos alumnos. Ofrece pautas pra una mejor intervención educativa. 
649 |a XX 
650 |a Alumnos Talentosos -  |x Condiciones Sociales y Culturales 
650 |a Alumnos Talentosos -  |x Condiciones Psicológicas 
650 |a Niños -  |x Condiciones Sociales y Culturales 
650 |a Niños -  |x Condiciones Psicológicas 
650 |a Identidad Personal 
650 |a Interacción Social 
650 |a Conducta de Vida 
650 |a Prejuicio 
650 |a Relaciones Maestro-Alumno 
650 |a Personalidad 
650 |a Inteligencia 
650 |a Coeficiente de Inteligencia 
650 |a Evaluación Psicológica 
650 |a Psicometría 
650 |a Desarrollo Psicomotriz y Perceptual 
650 |a Desarrollo Emocional 
650 |a Desarrollo Cognoscitivo 
650 |a Asesoramiento 
650 |a Orientación Escolar 
650 |a Planeación Educativa 
650 |a Diversidad Cultural 
650 |a Diferencia y Otredad 
650 |a Grupo Escolar Heterogéneo 
650 |a Educación Especial 
650 |a Metodología Educativa 
650 |a Psicología Educativa 
650 |a Educación Formal 
650 |a Educación 
910 |a Fondo General 
920 |a Impresos - Libros 
930 |a Colección General 
905 |a 101 
901 |a 0500101303  |b IT1  |c ACC  |u 20250521 
902 |a https://opac.biblio.iteso.mx/vufind/Record/000166139